|
|
|
|
| LEADER |
01182nam a2200265 a 4500 |
| 001 |
492841 |
| 005 |
19891113000000.0 |
| 008 |
100502s1984 sz a b i000 0 eng d |
| 010 |
|
|
|a 84236428
|
| 020 |
|
|
|a 9241300795 (pbk.) :
|c 9.00F
|
| 040 |
|
|
|a DLC
|c DLC
|d DLC
|d DB-DhAAL
|
| 082 |
0 |
0 |
|a 362.1/068
|2 19
|
| 100 |
1 |
|
|a Kleczkowski, B. M.
|q (Bogdan M.)
|
| 245 |
1 |
0 |
|a Health care facility projects in developing areas :
|b planning, implementation, and operation /
|c Bogdan M. Kleczkowski, Nils O. Nilsson.
|
| 260 |
|
|
|a Geneva :
|b World Health Organization ;
|a Albany, NY :
|b WHO Publications Centre USA [distributor],
|c 1984.
|
| 300 |
|
|
|a vii, 87 p. :
|b ill. ;
|c 24 cm.
|
| 490 |
0 |
|
|a Public health papers ;
|v no. 79
|
| 504 |
|
|
|a Bibliography: p. 85-87.
|
| 541 |
1 |
|
|e 00004253
|
| 650 |
|
0 |
|a Health facilities
|z Developing countries
|x Design and construction.
|
| 650 |
|
0 |
|a Health facilities
|z Developing countries
|x Administration.
|
| 700 |
1 |
|
|a Nilsson, Nils O.
|
| 852 |
4 |
|
|a Ayesha Abed Library
|j General Shelf.
|
| 999 |
|
|
|c 8349
|d 8349
|
| 952 |
|
|
|0 0
|1 0
|2 ddc
|4 0
|6 362_106800000000000_KLE_1984
|7 0
|9 9655
|a BRACUL
|b BRACUL
|c GEN
|d 2010-05-02
|g 445.50
|l 0
|o 362.1068 KLE
|p 3010004253
|r 2010-05-02
|t 1
|w 2010-05-02
|y BK
|